000 01815nam a22002177a 4500
003 0
005 20240919094806.0
008 240919b xxu||||| |||| 00| 0 eng d
020 _a9780367743321
050 _aPN 4784
_b.J64 2023
100 _aJohnson, Kirsten,
_eauthor.
245 _aThe broadcast news toolkit :
_binside the digital newsroom /
_cKirsten Johnson and Jodi Radosh.
260 _aNew York, N.Y. :
_bRoutledge,
_c2023.
300 _avi, 214 p. :
_bill. ;
_c24 cm.
504 _aIncludes bibliographical references and index.
520 _a"Broadcast News Toolkit focuses on the writing, shooting, and production of broadcast news across multimedia platforms in a non-technical and visually engaging way. Covering a range of different story forms in broadcast news (RDR, FS, VO, VO/SOT, PKG and Liveshots), this book illustrates basic audio/video shooting and editing techniques through straightforward examples, including online video tutorials that can be accessed via a QR code within the book. Specific issues relating to online content, social media, and audience engagement are discussed in detail, and the authors further explore why trust in news media is declining, the impact that fake news and deep fake videos have on media credibility, diversity and inclusion in newsrooms, and what can be done to increase the perceived credibility of the news. Students will also learn how to write leads and teases that will keep viewers engaged. This is an ideal text for undergraduate and graduate students of Broadcast and Multimedia Journalism who are looking for a clear and concise guide to the modern digital newsroom"-- Provided by publisher.
650 _aBroadcast journalism
_xTextbooks.
650 _aOnline journalism
_xTextbooks.
700 _aRadosh, Jodi,
_eauthor.
942 _2lcc
_cBK
999 _c366257
_d366257